000 00695cam a22002292 4500
001 0000019435
005 20151217152155.0
008 101115s xx 000 0 eng d
020 _a032453969x :
040 _aKABU
_cKABU
050 0 _aHB615
_b.B37 2008
100 1 _aBaron, Robert A.
_@0000149991
245 1 0 _aEntrepreneurship :
_ba process perspective /
_cRobert A. Baron, Scott A. Shane.
250 _a2nd ed.
260 _aMason, Ohio :
_bSouth-Western,
_c2008.
300 _axiv, 476 p.
650 0 _aEntrepreneurship.
_@0000148283
700 1 _aShane, Scott A.
_@0000149992
852 1 _9p5323.50 KES
908 _a101115
950 _@1
999 _c8960
_d8960